000 00232 a2200097 4500
001 33456
100 _aReddy, R.J
245 _aResearch Methodology
260 _aNew Delhi
_bAPH Publishing Corporation
_c2004
090 _c22284
_d22284
942 _aNUST-CAE
_cM
_c13652
999 _c268529
_d268529